| 000 | 00373nam a22001457a 4500 | ||
|---|---|---|---|
| 005 | 20250924142829.0 | ||
| 008 | 250924b |||||||| |||| 00| 0 eng d | ||
| 020 | _a8127200514 | ||
| 050 |
_aSB45 _bDHA |
||
| 100 | _aNEW DELHI | ||
| 245 | _aA DICTIONARY OF SEED TECHNOLOGICAL TERMS | ||
| 260 |
_aNEW DELHI _bKALYANI PUBLISHERS _cc2001 |
||
| 300 | _a109p | ||
| 942 |
_2lcc _cBK _n0 |
||
| 999 |
_c7688 _d7688 |
||